Casas de Campo chilenas: desde el Valle del Maipo hasta el valle del Maule
Salvato in:
| Autori principali: | , |
|---|---|
| Altri autori: | |
| Natura: | Libro |
| Lingua: | spagnolo |
| Pubblicazione: |
Santiago
RE Producciones Ltda.
2005
|
| Edizione: | 2a. ed |
| Soggetti: | |
| Tags: |
Aggiungi Tag
Nessun Tag, puoi essere il primo ad aggiungerne!!
|
MARC
| LEADER | 00000cam a2200000 a 4500 | ||
|---|---|---|---|
| 001 | UCF9472 | ||
| 003 | CL-VaPUC | ||
| 008 | 131125e20050000cl |||||||||||||||||spa|d | ||
| 020 | |a 9568371028 | ||
| 082 | 0 | 4 | |a 778.94483 |b PER |2 21 |
| 100 | 0 | |a Pereira Larraín, Teresa |e author |9 571787 | |
| 700 | 0 | |a Rodríguez Villegas, Hernán |e author |9 571788 | |
| 700 | |a Maino Prado, Valeria |e autora |9 572530 | ||
| 245 | 1 | 0 | |a Casas de Campo chilenas: desde el Valle del Maipo hasta el valle del Maule |
| 250 | |a 2a. ed | ||
| 300 | |a 250 p | ||
| 942 | |c BK | ||
| 945 | |d 20131125 03:22:00 |a dcastane | ||
| 260 | |a Santiago |b RE Producciones Ltda. |c 2005 | ||
| 650 | 0 | |a Arquitectura colonial |9 266240 | |
| 650 | 0 | |a Paisajes |9 344660 | |
| 650 | 0 | |a Fotografías artísticas |9 535989 | |
| 583 | |a last modification |c 20131125 03:22:00 |k Rodrigo Vera | ||
| 999 | |c 353915 |d 353913 | ||
| 952 | |0 0 |1 0 |3 erd |4 0 |6 778_944830000000000_PER_2005 |7 0 |8 A |9 459360 |a BIBARQ |b BIBARQ |i 5029732 |o 778.94483 PER 2005 |p 5029732 |r 2025-01-20 |w 2019-11-23 |y BK |z Catalogado en:20131125 |k ARQ | ||
| 952 | |0 0 |1 0 |3 erd |4 0 |6 778_944830000000000_PER_2005 |7 0 |8 X |9 459361 |a FDOBUD |b FDOBUD |i 5034914 |o 778.94483 PER 2005 |p 5034914 |r 2019-11-23 |w 2019-11-23 |y BK_X |z Catalogado en:20140116 |k BUD | ||